Plant breeding reviews V.22 (Record no. 42109)

MARC details
000 -LEADER
fixed length control field 00344nam a2200133Ia 4500
020 ## - INTERNATIONAL STANDARD BOOK NUMBER
ISBN 0471215414
082 ## - DEWEY DECIMAL CLASSIFICATION NUMBER
Classification number 575:631.52
Item number PLA.15
245 #0 - TITLE STATEMENT
Title Plant breeding reviews V.22
260 ## - PUBLICATION, DISTRIBUTION, ETC. (IMPRINT)
Place of publication New Jersey
Name of publisher John Wiley & Sons
Year of publication 2003
650 ## - SUBJECT ADDED ENTRY--TOPICAL TERM
Topical Term Heritability
700 ## - ADDED ENTRY--PERSONAL NAME
Personal name Janick, Jules
942 ## - ADDED ENTRY ELEMENTS (KOHA)
Koha item type Books
Holdings
Withdrawn status Lost status Damaged status Not for loan Home library Current library Date acquired Cost, normal purchase price Full call number Accession Number Koha item type
        RRII Library RRII Library 16/12/2021 198.95 575:631.52 PLA.15 22386 Books